| 000 | 00750nam a2200241 i 4500 | ||
|---|---|---|---|
| 003 | DO-SdBNP | ||
| 005 | 20230427113806.0 | ||
| 006 | a||||gr|||| 00| 0 | ||
| 007 | ta | ||
| 008 | 230427n dr ||||| |||| 00| 0 eng d | ||
| 040 |
_aDO-SdBNP _bspa _cBNPHU _erda |
||
| 082 | 4 |
_222 _bC216h |
|
| 100 | 1 |
_949242 _aCandelaria, Sélvido |
|
| 245 |
_aHogar crea dominicano en décimas _cSelvido Candelaria; prólogo, Leopoldo Ml. Díaz H. |
||
| 264 |
_aSanto Domingo : _bLozano, _csin fecha |
||
| 300 |
_a48 páginas ; _c20 cm |
||
| 336 |
_2rdaconten _atexto _btxt |
||
| 337 |
_2rdamedia _asin medición _bn |
||
| 338 |
_2rdacarrier _avolumen _bnc |
||
| 590 | _aInventariado 2023 / MF | ||
| 700 |
_967986 _aDíaz H., Leopoldo Ml., _eprólogo |
||
| 942 |
_2ddc _cLF2 |
||
| 999 |
_c53371 _d53371 |
||